Normal view
MARC view
- Prior, Laura.
Entry Personal Name
001 - CONTROL NUMBER
- control field: 59801
003 - CONTROL NUMBER IDENTIFIER
- control field: OSt
005 - DATE AND TIME OF LATEST TRANSACTION
- control field: 20240902104244.0
008 - FIXED-LENGTH DATA ELEMENTS
- fixed length control field: 240902|| aca||aabn | a|a d
040 ## - CATALOGING SOURCE
- Original cataloging agency: OSt
- Transcribing agency: OSt
100 ## - HEADING--PERSONAL NAME
- Personal name: Prior, Laura.
- Relator term: author.
670 ## - SOURCE DATA FOUND
- Source citation: Work cat.: (OSt): Prior, Laura. author., Influence of occupational socialization on elementary physical education teachers' beliefs and curricula / , 2019.
